Vista normal
Vista MARC
Entrada Nombre de reunión
Número de registros utilizados en: 2
001 - NÚMERO DE CONTROL
- campo de control: 83037
003 - IDENTIFICADOR DEL NÚMERO DE CONTROL
- campo de control: DO-SdBNP
005 - FECHA Y HORA DE LA ÚLTIMA TRANSACCIÓN
- campo de control: 20230118110735.0
008 - DATOS DE LONGITUD FIJA
- campo de control de longitud fija: 230118|| aca||aabn | a|a d
040 ## - FUENTE DE LA CATALOGACIÓN
- Centro catalogador/agencia de origen: DO-SdBNP
- Centro/agencia transcriptor: DO-SdBNP
111 ## - ENCABEZAMIENTO--NOMBRE DE CONGRESO/REUNIÓN
- Nombre de congreso/reunión o jurisdicción como elemento de entrada: Conferencia de Estudios de género
- Sede del congreso/Lugar de la reunión: (Santo Domingo, República Dominicana)
- Fecha del congreso/reunión: (10a : 2020)
670 ## - FUENTE DE DATOS ENCONTRADOS
- Cita de la fuente: Work cat.: (DO-SdBNP)53110: Conferencia de Estudios de género (Santo Domingo, República Dominicana) (10a : 2020), Miradas desencadenantes :, 2022.
